<?xml version="1.0" encoding="UTF-8"?>
<marc:record xmlns:marc="http://www.loc.gov/MARC21/slim">
   <marc:leader>00000nam a2200000 a 4500</marc:leader>
   <marc:datafield ind1="1" ind2=" " tag="100">
      <marc:subfield code="a">Spiro, Lev L.</marc:subfield>
   </marc:datafield>
   <marc:datafield ind1="1" ind2=" " tag="100">
      <marc:subfield code="a">Starfield, Dana</marc:subfield>
   </marc:datafield>
   <marc:datafield ind1="0" ind2="0" tag="245">
      <marc:subfield code="a">Beverly Hills Chihuahua viv la fiesta! 3 [Bildtonträger]</marc:subfield>
   </marc:datafield>
   <marc:datafield ind1="0" ind2="0" tag="245">
      <marc:subfield code="b">Familie kommt zuerst</marc:subfield>
   </marc:datafield>
   <marc:datafield ind1="0" ind2="0" tag="245">
      <marc:subfield code="c">Drehbuch: Dana Starfield. Regie: Lev L. Spiro</marc:subfield>
   </marc:datafield>
   <marc:datafield ind1=" " ind2="1" tag="264">
      <marc:subfield code="b">WALT DISNEY STUDIOS HOME ENTERTAINMENT</marc:subfield>
      <marc:subfield code="c">2012</marc:subfield>
   </marc:datafield>
   <marc:datafield ind1="1" ind2=" " tag="490">
      <marc:subfield code="a">Disney</marc:subfield>
   </marc:datafield>
   <marc:datafield ind1="1" ind2=" " tag="520">
      <marc:subfield code="a">Papi ist zurück! Disney`s beliebter sprechender Chihuahua sowie Chloe und die Hundewelpen in einem brandneuen Film für die ganze Familie. Es herrscht Hunde-Chaos, als Papi`s Familie und Freunde (Hund und Mensch) ins noble Beverly Hills Hotel einziehen. Und dann zerstreiten sie sich auch noch ausgerechnet bei den Vorbereitungen für die Geburtstagsfeier des kleinsten Welpen Rosa, Quinceañera. Gerade als ihr perfektes und luxuriöses Leben auseinanderzubrechen droht, bringt die Feier dann wieder alle zusammen. Sie erinnert die Menschen und die Hündchen daran, wie wichtig es ist, dass Freunde und Familie zusammenhalten.</marc:subfield>
   </marc:datafield>
   <marc:datafield ind1=" " ind2=" " tag="500">
      <marc:subfield code="a">Deutsch, Englisch, Italienisch</marc:subfield>
   </marc:datafield>
   <marc:datafield ind1="0" ind2=" " tag="490">
      <marc:subfield code="v">0</marc:subfield>
   </marc:datafield>
   <marc:datafield ind1=" " ind2=" " tag="300">
      <marc:subfield code="a">1 DVD (89 Min., Ländercode 2): farbig</marc:subfield>
   </marc:datafield>
</marc:record>
